000 00820nam a22002417a 4500
005 20180416105955.0
010 _aENG-122578
020 _a9789352806041
_c595.00
035 _aEN-106110
037 _bDBAD/PUB
082 _a372.842
100 _aWaugh, David
245 _aTeaching grammer, punctuation and spelling in primary schools /
_cby David Waugh; Claire Warner [and] Rosemary Waugh
250 _a4th ed.
260 _aNew Delhi
_bSage Publications
_c2018
270 _aB-1/I-1, Mohan Cooperative Industrial Area, Mathura Road,
_bNew Delhi
_e110044
300 _a207p.
_c22cm.(pbk)
_bill.
490 _aSeries Transforming Primary QTS ed. by Alice Hansen
500 _aIt include index
700 _dWarner, Claire
700 _dWaugh, Rosemary
942 _2ddc
_cEN
_mWAU
_h372.842
999 _c151216
_d151216